| 000 | 01075nam0a22002651 4500 | ||
|---|---|---|---|
| 001 | rc\4932138 | ||
| 005 | 20260409062731.0 | ||
| 021 |
_aRU _b66-52022 |
||
| 021 |
_aRU _bРг5563-66 |
||
| 035 | _a(NLR Aleph) 008846786 | ||
| 090 |
_a8375948 _c8375948 |
||
| 100 | _a20130426d1966 |||y0rusy50 ca | ||
| 101 | 0 | _arus | |
| 102 | _aRU | ||
| 105 | _aa z ||||| | ||
| 200 | 1 |
_aРеле уровня полупроводниковое (типов) ПРУ-4 и ПРУ-4Т _eТехн. описание, инструкция по эксплуатации _fРязан. завод "Теплоприбор" |
|
| 210 |
_aРязань _cДом науч.-техн. информации и пропаганды _d1966 |
||
| 215 |
_a22 с., 1 л. схем. _cил. _d21 |
||
| 517 | 0 | _aРеле уровня полупроводниковое ПРУ-4 и ПРУ-4Т | |
| 712 | 0 | 2 |
_aРязанский завод тепловых приборов _3RU\NLR\AUTH\8810211641 _9310409 |
| 801 | 0 |
_aRU _bNLR _gpsbo |
|
| 801 | 1 |
_aRU _bELAR _2rusmarc |
|
| 852 |
_aNLR _j67-4/9516 |
||
| 942 | _cBOOK | ||
| 980 | _aNB | ||